Scientific papers by Sir George Howard Darwin (Record no. 335)

MARC details
000 -LEADER
fixed length control field 00623nam a2200181Ia 4500
003 - CONTROL NUMBER IDENTIFIER
control field IN-BaIIA
008 - FIXED-LENGTH DATA ELEMENTS--GENERAL INFORMATION
fixed length control field 211028s9999 xx 000 0 eng d
040 ## - CATALOGING SOURCE
Transcribing agency IIA Library
080 ## - UNIVERSAL DECIMAL CLASSIFICATION NUMBER
Universal Decimal Classification number 081:53
Item number DAR-3
100 ## - MAIN ENTRY--PERSONAL NAME
Personal name Darwin, George Howard
9 (RLIN) 703
245 #0 - TITLE STATEMENT
Title Scientific papers by Sir George Howard Darwin
Remainder of title vol. IV, periodic orbits and miscellaneous papers
Statement of responsibility, etc. George Howard Darwin
260 ## - PUBLICATION, DISTRIBUTION, ETC.
Place of publication, distribution, etc. Cambridge
Name of publisher, distributor, etc. Cambridge University Press
Date of publication, distribution, etc. 1911
300 ## - PHYSICAL DESCRIPTION
Extent xvii, 592p.
650 ## - SUBJECT ADDED ENTRY--TOPICAL TERM
Topical term or geographic name entry element Astronomy and Astrophysics Thesaurus
650 ## - SUBJECT ADDED ENTRY--TOPICAL TERM
Topical term or geographic name entry element Collected Works-Howard Darwin
9 (RLIN) 704
650 ## - SUBJECT ADDED ENTRY--TOPICAL TERM
Topical term or geographic name entry element Howard Darwin Collected Works
9 (RLIN) 705
942 ## - ADDED ENTRY ELEMENTS (KOHA)
Koha item type Books
Holdings
Withdrawn status Lost status Damaged status Not for loan Home library Current library Shelving location Date acquired Total Checkouts Full call number Barcode Date last seen Price effective from Koha item type
        IIA Library-Bangalore IIA Library-Bangalore General Stacks     081:53/ DAR-3 328 05/11/2021   Books

Powered by Koha